000 00690nam a2200205Ii 4500
003 JO-AjNU
008 230605s9999||||xx |||||||||||||| ||und||
017 _a1989/7/462
040 _aJO-AjNU
_bara
_erda
_cJO-AjNU
041 _aara
050 1 4 _aBP161.2.A4288 1989
100 3 _aالعلاونة، محمد,
_eauthor
_948890
245 0 0 _aسبيل الخلاص "ففروا الى الله"
264 3 1 _aعمان: وزارة الاوقاف والشؤون والمقدسات الإسلامية، 1989
300 _a162ص
336 _atext
_btxt
_2rdacontent
337 _aunmediated
_bn
_2rdamedia
338 _avolume
_bnc
_2rdacarrier
650 4 _aالوعظ والارشاد
_948891
999 _aA21440
_c25008
_d25008